000 00569nam a22001817a 4500
003 UA-OsUOA
001 19215
007 ta
008 20040727b un ||||| |||| 00| 0 ukr d
100 _aІваніцка В.
942 _cSA
040 _aUA-OsUOA
_cUA-OsUOA
_dUA-OsUOA
245 _aМале підприємництво [у Здолбунів. р-ні] : здобутки і проблеми
300 _aС.2
955 _a0
773 0 _w0
_tНове життя
_dЗдолбунів
_d2004
_g№52/53/10 лип./
650 7 _aКраєзнавча робота
_2UDC
999 _c305386
_d305386